La dynamique relativiste et ses aplications

Gespeichert in:
Bibliographische Detailangaben
1. Verfasser: Arzeliés, Henri (VerfasserIn)
Format: Buch
Sprache:Französisch
Veröffentlicht: París Gautiers- Villars 1957
Schriftenreihe:Etudes Relativistes
Schlagworte:
Tags: Tag hinzufügen
Keine Tags, Fügen Sie den ersten Tag hinzu!

MARC

LEADER 00000nam a2200000 a 4500
001 UCH1227
003 CL-VaPUC
008 090416e19570000FR |||||||||||||||||fre|d
082 0 4 |a 530.11  |b ARZ  |2 21 
100 0 |a Arzeliés, Henri  |e author  |9 535630 
245 1 3 |a La dynamique relativiste et ses aplications 
300 |a 304 p 
942 |c BK 
945 |d 20090416 00:00:00  |a rbrito 
260 |a París  |b Gautiers- Villars  |c 1957 
650 0 |a Teoría de la relatividad   |9 266149 
650 0 |a Relatividad  |9 269977 
650 0 |a Electrodinámica   |9 317185 
583 |a last modification  |c 20090416 00:00:00  |k Rodrigo Vera 
490 0 |a Etudes Relativistes 
999 |c 333289  |d 333287 
952 |0 0  |1 0  |4 0  |6 530_110000000000000_ARZ_1957  |7 0  |8 A  |9 421617  |a BIBCUR  |b BIBCUR  |d 2019-11-22  |i 4529022  |o 530.11 ARZ 1957  |p 4529022  |r 2025-04-22  |w 2019-11-22  |y BK  |k FIS